Quizzes
Events
Quiz Creation
Community
Videos
Private Events
Remove Ads
Sign In
Join for FREE
Feedback
Dark Mode
Quiz Categories
Sports
Geography
Music
Movies
Television
Just For Fun
Miscellaneous
History
Literature
Language
Science
Gaming
Entertainment
Religion
Holiday
For Kids
Quiz Lab
Recent
Popular Today
Quiz Kudos Today
Editor Picks
Curator Picks
Quizzes by...
Day
Popularity
Type
Ratings
Length
Year
Community
Subscriptions
Recent Discussions
Orange Saloon
Badges
Playlists
Quests
Create
Leaderboards
Showdown
Live 5
Trivia Bingo
Activity
Puzzle Library
Sporcle Events
Private Events
Virtual Trivia
Globe League
Become a Host
Pub Owners
SporcleCon
Opinionation
Our Games
Videos
Blog
Mobile Apps
Partnerships
Remove Ads and Go Orange
Feedback
Movies
Disney
Marvel Cinematic Universe
Movie Resume
Movie Titles
Oscar
Actor
Actress
Director
Pixar
Role
Movie Quotes
Movie Characters
Box Office
Nominee
Best Picture
Star Wars
James Bond
Horror Movies
Movies
Disney
Marvel Cinematic Universe
Movie Resume
Movie Titles
Oscar
Actor
Actress
Director
Pixar
Role
Movie Quotes
Movie Characters
Box Office
Nominee
Best Picture
Star Wars
James Bond
Horror Movies
Random Quiz
Search Sporcle
×
Quiz Lab
Quiz Lab
Movies
Role
Type in answers that appear in a list
Type in answers that appear in a list
Classic
Best Score? Go Orange.
BAFTA Award for Best Actress in a Leading Role Stats
Can you name the winners of the BAFTA Award for Best Actress in a Leading Role?
By
gvilleguy1124
15m
79 Questions
513 Plays
513 Plays
513 Plays
Comments
Comments
Give Quiz Kudos
Give Quiz Kudos
-
- Ratings
hide this ad
More Info
Replay
Link that replays current quiz
Next Quiz
Link to next quiz in quiz playlist
You Got
0%
They Got
Avg Score
67%
Avg Friend Score
Upgrade to see
Score Distribution
Jump to the score distribution portion of the page
Score
0/79
Timer
15:00
0
Plays Today
Year
Actress
% Correct
1981
Meryl Streep
97.5%
2011
Meryl Streep
97.5%
2000
Julia Roberts
96.1%
1953
Audrey Hepburn
95.5%
1059
Audrey Hepburn
95.5%
1964
Audrey Hepburn
95.5%
2010
Natalie Portman
95.5%
2006
Helen Mirren
95.1%
2013
Cate Blanchett
94.9%
1968
Katharine Hepburn
94.9%
1982
Katharine Hepburn
94.9%
1991
Jodie Foster
94.5%
2008
Kate Winslet
94.3%
1998
Cate Blanchett
94%
2002
Nicole Kidman
93.8%
1992
Emma Thompson
93.6%
1995
Emma Thompson
93.4%
1997
Judi Dench
93%
2001
Judi Dench
93%
1960
Rachel Roberts
92.4%
1963
Rachel Roberts
92.4%
2005
Reese Witherspoon
92.4%
1977
Diane Keaton
91%
1993
Holly Hunter
91%
2014
Julianne Moore
91%
1969
Maggie Smith
88.3%
1984
Maggie Smith
88.3%
1986
Maggie Smith
88.3%
1988
Maggie Smith
88.3%
1966
Elizabeth Taylor
88.1%
1972
Liza Minnelli
88.1%
2007
Marion Cotillard
87.5%
1990
Jessica Tandy
86.9%
1952
Vivien Leigh
85%
1978
Jane Fonda
84.2%
1979
Jane Fonda
84.2%
1999
Annette Bening
82.7%
2003
Scarlett Johansson
81.7%
1976
Louise Fletcher
78.4%
1959
Shirley MacLaine
77.4%
Year
Actress
% Correct
1960
Shirley MacLaine
77.4%
1994
Susan Sarandon
75%
2009
Carey Mulligan
73.5%
2004
Imelda Staunton
71.5%
1962
Anne Bancroft
70.8%
1964
Anne Bancroft
70.8%
1987
Anne Bancroft
70.8%
1975
Ellen Burstyn
70.6%
1961
Sophia Loren
66.7%
1996
Brenda Blethyn
65.5%
1965
Julie Christie
64.9%
1983
Julie Walters
64.5%
1980
Judy Davis
61.2%
1971
Glenda Jackson
60.2%
1963
Patricia Neal
57.3%
1965
Patricia Neal
57.3%
2012
Emmanuelle Riva
56.7%
1952
Simone Signoret
53.4%
1957
Simone Signoret
53.4%
1958
Simone Signoret
53.4%
1989
Pauline Collins
49.1%
1956
Anna Magnani
48.5%
1985
Peggy Ashcroft
47.6%
1970
Katharine Ross
45%
1974
Joanne Woodward
43.3%
1953
Leslie Caron
39.4%
1962
Leslie Caron
39.4%
1967
Anouk Aimée
30.4%
1967
Edith Evans
26.3%
1955
Betsy Blair
22.4%
1955
Katie Johnson
16.6%
1966
Jeanne Moreau
13.8%
1956
Virginia McKenna
13.6%
1961
Dora Bryan
12.5%
1973
Stéphane Audran
11.5%
1957
Heather Sears
5.7%
1954
Cornell Borchers
3.7%
1954
Yvonne Mitchell
3.3%
1958
Irene Worth
3.1%
Quiz Playlist
Details
Report
Send in Message
Add To Playlist
More Info:
From 1952-1967, there were two winners - one for Best British Actress and one for Best Foreign Actress.
Classic:
Type in answers that appear in a list
Quiz Source
Last Updated: Feb 16, 2017
Quiz Scoreboard
CHALLENGE
Sign Up to Join the Scoreboard
Show All
Scores
Hide
Comments
May contain spoilers
Recently Published
Billboard Blitz: Fleetwood Mac
by CooCooCachoo
Music
15s
Presidents Visiting Landmarks
by Hejman
History
7m
An Introduction to Baseball
by treessimontrees
Sports
5m
More to Explore
Quiz From the Vault
Featured Blog Post
Where Did the Easter Bunny Come From?
hide this ad
You Might Also Like...
Tags
Actress Quiz
Role Quiz
Award
bafta
Leading
Leading Role
Winner
Today's Top Quizzes in Movies
Browse Movies
hide this ad
Today's Top Quizzes in Role
Browse Role
Top Contributed Quizzes in Movies
1
Pick 5 Posters: Directed by Spielberg
2
7-to-1: Pixar Characters
3
Pick 5 Posters: Lowest-Rated Spielberg
4
Pick 5 Posters: Directed by Scorsese
5
Sorting Actors
6
Sorting Actresses
7
Pick 5 Posters: Star & Director
8
Pick 5 Posters: Women Directed 2020s
9
12 Movies about Fictional 1960s Events
10
Multi-Oscar Nominations, One Movie, One Winner
Explore More
Trending Topics
Harry Potter
NBA
Crossword
Marvel
Anime
Kpop
Disney
The Office
Soccer
Country
NFL
Puzzle
Pokémon
WWE
Song
hide this ad
More By:
gvilleguy1124
Quiz
Plays
Rating
Category
Featured
Created
100 Books, 100 Authors
64,409
4.54
Literature
Oct 15, 2011
Every Single Oscar Winning Actress Ever!
23,441
4.59
Movies
Mar 20, 2012
Lip Sync for Your Life Minefield
11,373
3.25
Television
Jan 7, 2017
ASOIAF Top 100 Characters
6,023
4.80
Literature
Jul 23, 2014
Oscar Best Actress Nominees (1960-2011)
3,042
4.80
Movies
Feb 28, 2012
Go to Creator's Profile
Score Distribution
Quiz Creator Spotlight
gvilleguy1124
Follow
Send a Message
Quizzes Created
-
Created Quiz Play Count
-
More By This Creator
Popular Quizzes Today
1
Find the US States - No Outlines Minefield
2
Find the Countries of Europe - No Outlines Minefield
3
The Countries of the World
4
Find the US States
5
Popular People in 1961
6
US States
7
Risky Map Clicking: Biggest States A-Z
8
Movies - When Are They Set?
More Movies Quizzes
Tom Hardy Movies
Published
Trending Quizzes
Risky Map Clicking: Least Populous States A-Z
1-10 Letter G Words
1-10 Letter F Words
Risky Map Clicking: Next State Alphabetically
'A' Boys' Names Grid
Recently Updated
Leaping Animals
pecheneg
Reality TV Shows (A-Z)
bhenderson79
Rickey Henderson's Hall of Fame Teammates
pecheneg
Champions League XIs: Arsenal
pecheneg
Quick Pick: Celebrities in WWE's Hall of Fame
aduchscher
A-Z Keypad Blitz II
pecheneg
Multiple Oscar Actors
pecheneg
Mystery Phrase Blitz: Oscar 'Best Actors'
pecheneg
F. Scott Fitzgerald Novels
LTH
Pick 3 Villains
ddd62291
Trending Topics
NBA
Kpop
Marvel
Disney
Harry Potter
Anime
Crossword
The Office
WWE
Puzzle
NFL
Song
Country
Soccer
Pokémon
Your Account Isn't Verified!
In order to create a playlist on Sporcle, you need to verify the email address you used during registration. Go to your
Sporcle Settings
to finish the process.
Report this User
Report this user for behavior that violates our
Community Guidelines
.
Details:
Send Report
Go to the Sporcle.com Mobile Site →
Comments